Catálogo público

Normal view MARC view

Entry Nombre personal

Number of records used in: 22

001 - NÚMERO DE CONTROL

  • campo de control: 154340

003 - IDENTIFICADOR DEL NÚMERO DE CONTROL

  • campo de control: OSt

005 - FECHA Y HORA DE LA ÚLTIMA TRANSACCIÓN

  • campo de control: 20220610122459.0

008 - DATOS DE LONGITUD FIJA

  • campo de control de longitud fija: 220127|| aca||aabn | a|a d

040 ## - FUENTE DE LA CATALOGACIÓN

  • Centro catalogador/agencia de origen: mxchpua
  • Centro/agencia transcriptor: CHAP

100 1# - ENCABEZAMIENTO-NOMBRE DE PERSONA

  • Nombre de persona: Esparza Torres, Félix
  • Fechas asociadas al nombre: 1947

370 ## - LUGAR ASOCIADO

  • Lugar de nacimiento: Hidalgo
  • País asociado: México

371 ## - DIRECCIÓN

  • Ciudad: Ciudad de México
  • País: México
  • Dirección de correo electrónico: fesparzat@chapingo.mx

372 ## - CAMPO DE ACTIVIDAD

  • Campo de actividad: Ingeniero Químico por el Instituto Politécnico Nacional, México
  • Fin de período: 1976

374 ## - OCUPACIÓN

  • Ocupación: Profesor Investigador de Tiempo Completo de Licenciatura del Departamento de Ingeniería Agroindustrial, UACh
  • Período de inicio: 1976

375 ## - GÉNERO/SEXO

  • Género/Sexo: Masculino

377 ## - LENGUA/LENGUAJE ASOCIADO

  • Código del idioma: spa

385 ## - CARACTERÍSTICAS DEL PÚBLICO

  • Término para el público: Especializado